Tăng trưởng kinh tế và phát triển con người: Một số vấn đề thực tiễn ở Việt Nam hiện nay (Phần II) /
Đã lưu trong:
| Príomhúdar: | |
|---|---|
| Formáid: | Bài viết |
| Teanga: | Vietnamese |
| Ábhair: | |
| Clibeanna: |
Cuir Clib Leis
Gan Chlibeanna, Bí ar an gcéad duine leis an taifead seo a chlibeáil!
|
| Thư viện lưu trữ: | Thư viện Trường Đại học Đà Lạt |
|---|
| LEADER | 00935nam a2200289 4500 | ||
|---|---|---|---|
| 001 | DLU180183661 | ||
| 005 | ##20180208 | ||
| 040 | # | # | |a DLU |b vie |
| 041 | # | # | |a vie |
| 044 | # | # | |a vn |
| 100 | # | # | |a Đào Thị Minh Hương. |
| 245 | # | # | |a Tăng trưởng kinh tế và phát triển con người: Một số vấn đề thực tiễn ở Việt Nam hiện nay (Phần II) / |c Đào Thị Minh Hương. |
| 653 | # | # | |a Năng suất lao động |
| 653 | # | # | |a Sinh kế |
| 653 | # | # | |a Thu nhập thấp |
| 653 | # | # | |a Xóa đói giảm nghèo |
| 773 | # | # | |t Tạp chí Nghiên cứu Con người = Human Studies |g Số 4(73), 2014, tr. 12-22 |
| 920 | # | # | |a Phòng Tạp chí -- Trung tâm Thông tin - Thư viện Trường Đại học Đà Lạt |
| 933 | # | # | |a XH |
| 994 | # | # | |a DLU |
| 900 | # | # | |a True |
| 911 | # | # | |a Hoàng Thị Huyền |
| 925 | # | # | |a G |
| 926 | # | # | |a A |
| 927 | # | # | |a BB |
| 980 | # | # | |a Thư viện Trường Đại học Đà Lạt |